000 00539cam a2200205 4500
008 000000n2000 000 0 eng u
020 _a1860178374
035 _a(Sirsi) u110179
050 _a333.337
100 _aSansom, M.R.
245 _aIn-situ stabilisation of chemical waste.
260 _aLondon
_bCIRIA
_c2000
300 _a67p. ; 30cm.
490 _aProject Report
_v37
650 _aLANDFILL SITES
650 _aCONTAMINATED LAND
650 _aCONTAMINATED WASTE
690 _aENVIRONMENT-CONTAMINATION
942 _n0
999 _c101068
_d101068